000 00294nam a22001337a 4500
008 181030b xxu||||| |||| 00| 0 eng d
020 _a0195028279
041 _aeng
080 _a101
100 _a24
101 _aFIL
245 _aThe Study of Human Nature
_cStevenson, L
942 _2udc
_cBK
999 _c51134
_d51134